Stanley Gibbons simplified catalogue stamps of the world /

Bibliographic Details
Previous Title:Stanley Gibbons stamps of the world
Format: Serial
Language:English
Published: London : Stanley Gibbons Publications, 1982-
Subjects:

MARC

Tag First Indicator Second Indicator Subfields
LEADER 00000cas a2200000 a 4500
001 in00004606554
008 831013c19839999enkar c 0 0eng c
005 20221220153112.1
010 |a sn 87017053  
035 |a (OCoLC)ocm10010045 
035 |a (OCoLC)ocm10010045 
040 |a CLE  |b eng  |c CLE  |d NST  |d DLC  |d IUL  |d DLC  |d OCLCQ  |d UKMGB  |d OCLCF  |d OCLCO  |d OCLCQ  |d IL4J6  |d OCLCO 
016 7 |a 015973295  |2 Uk 
019 |a 1022275705  |a 1024113179  |a 1065277885  |a 1202862410 
035 |a (OCoLC)10010045  |z (OCoLC)1022275705  |z (OCoLC)1024113179  |z (OCoLC)1065277885  |z (OCoLC)1202862410 
037 |b Stanley Gibbons Ltd, 5, Parkside, Christchurch Rd., Ringwood, Hampshire BH24 3SH 
042 |a pcc 
050 0 0 |a HE6224  |b .G5 
082 0 4 |a 769.56 
245 0 0 |a Stanley Gibbons simplified catalogue stamps of the world /  |c Stanley Gibbons Publications. 
246 3 0 |a Stanley Gibbons simplified catalogue of stamps of the world 
246 1 3 |a Stamps of the world 
264 1 |a London :  |b Stanley Gibbons Publications,  |c 1982- 
300 |a volumes :  |b illustrations ;  |c 30 cm 
310 |a Annual 
336 |a text  |b txt  |2 rdacontent 
337 |a unmediated  |b n  |2 rdamedia 
338 |a volume  |b nc  |2 rdacarrier 
362 0 |a [48th ed.] (1983)- 
515 |a Issued in parts. 
525 |a Catalogue supplements are published in each issue of Gibbons stamp monthly, Oct. 2001- 
588 |a Latest issue consulted: 67th ed. (2002). 
650 0 |a Postage stamps  |v Catalogs. 
650 0 |a Postage stamps  |v Catalogs  |v Periodicals. 
650 7 |a Postage stamps.  |2 fast  |0 (OCoLC)fst01072793 
650 7 |a Postage stamps  |v Catalogs.  |2 nli 
655 7 |a Catalogs.  |2 fast  |0 (OCoLC)fst01423692 
655 7 |a Periodicals.  |2 fast  |0 (OCoLC)fst01411641 
730 0 |a Gibbons stamp monthly. 
780 0 0 |t Stanley Gibbons stamps of the world  |x 0081-4210  |w (DLC) 72627259  |w (OCoLC)4923066 
850 |a CSf  |a DLC  |a IC  |a NN  |a ViBlbV 
029 1 |a AU@  |b 000005258822 
029 1 |a AU@  |b 000053474361 
029 1 |a NZ1  |b 3343416 
029 1 |a UKMGB  |b 015973295 
994 |a Z0  |b TXA 
948 |h NO HOLDINGS IN TXA - 44 OTHER HOLDINGS 
999 f f |s c770a2b2-c7f9-4430-963f-9008e621a22e  |i 87280801-d309-43f3-b4c1-d187284aca78  |t 0 
952 f f |p normal  |a Texas A&M University  |b College Station  |c Sterling C. Evans Library  |s Evans stk  |d Evans: Library Stacks  |t 0  |e HE6224 .G5  |h Library of Congress classification  |i unmediated -- volume  |k 2023 ed.:v.5  |m A14851855933 
952 f f |p normal  |a Texas A&M University  |b College Station  |c Sterling C. Evans Library  |s Evans stk  |d Evans: Library Stacks  |t 0  |e HE6224 .G5  |h Library of Congress classification  |i unmediated -- volume  |k 2023 ed.:v.4  |m A14851855818 
952 f f |p normal  |a Texas A&M University  |b College Station  |c Sterling C. Evans Library  |s Evans stk  |d Evans: Library Stacks  |t 0  |e HE6224 .G5  |h Library of Congress classification  |i unmediated -- volume  |k 2023 ed.:v.3  |m A14851855941 
952 f f |p normal  |a Texas A&M University  |b College Station  |c Sterling C. Evans Library  |s Evans stk  |d Evans: Library Stacks  |t 0  |e HE6224 .G5  |h Library of Congress classification  |i unmediated -- volume  |k 2023 ed.:v.2  |m A14851855958 
952 f f |p normal  |a Texas A&M University  |b College Station  |c Sterling C. Evans Library  |s Evans stk  |d Evans: Library Stacks  |t 0  |e HE6224 .G5  |h Library of Congress classification  |i unmediated -- volume  |k 2023 ed.:v.6  |m A14851855925 
952 f f |p normal  |a Texas A&M University  |b College Station  |c Sterling C. Evans Library  |s Evans stk  |d Evans: Library Stacks  |t 0  |e HE6224 .G5  |h Library of Congress classification  |i unmediated -- volume  |k 2023 ed.:v.1  |m A14851855966 
998 f f |a HE6224 .G5  |s 2023 ed.  |t 0  |l Evans: Library Stacks